Miasta Polski najbliżej przecięć pełnych południków i równoleżników - Statystyki

Ogólne statystyki
  • Ten quiz został rozwiązany 99 razy
  • Średni wynik to 5 z 41
Statystyki odpowiedzi
Równoleżnik Południk Miasto % Poprawnych
50 20 Kraków
86%
50 22 Rzeszów
59%
50 21 Tarnów
54%
54 23 Suwałki
30%
50 19 Pszczyna
17%
52 23 Biała Podlaska
16%
52 20 Skierniewice
16%
54 19 Malbork
14%
54 16 Białogard
13%
54 22 Giżycko
13%
54 18 Kościerzyna
13%
50 23 Radymno
13%
54 15 Kamień Pomorski
12%
54 17 Miastko
12%
52 21 Piaseczno
12%
51 23 Krasnystaw
10%
51 21 Starachowice
10%
51 19 Kłobuck
8%
52 19 Poddębice
8%
53 21 Przasnysz
7%
54 21 Reszel
7%
53 16 Człopa
6%
52 15 Krosno Odrzańskie
6%
53 18 Łabiszyn
6%
54 20 Miłakowo
6%
51 18 Wołczyn
6%
53 22 Zambrów
6%
51 15 Zawidów
6%
52 18 Chocz
5%
53 17 Chodzież
5%
52 17 Dolsk
5%
52 16 Kargowa
5%
53 19 Kikół / Golub-Dobrzyń
5%
53 15 Lipiany
5%
51 20 Przedbórz
5%
51 17 Siechnice
5%
52 22 Stoczek Łukowski
5%
51 22 Urzędów
5%
53 20 Bieżuń
4%
53 23 Suraż
4%
51 16 Świerzawa
4%
Nie znaleziono quizów pasujących do podanych kryteriów
Rozkład punktacji
Procent ludzi z każdym wynikiem
Percentyl według liczby udzielonych odpowiedzi
Twoja historia wyników
Nie rozwiązałeś tego quizu